000
00228nam a22000857a 4500
003
SGT
245
_a
AUSTRALIAN JOURNAL OF ELECTRICAL ELECTRONICS ENGINEERING (JAN-DEC)
260
_a
NEW DELHI
_b
ENGINEERS MEDIA
_c
2011
942
_2
ddc
_c
BV
999
_c
16958
_d
16958